Munkaerö-piaci politika - nemzetközi összehasonlításban.

Nevyhnutnosť využívať medzinárodné skúsenosti v oblasti trhu práce pre maďarskú ekonomiku. Teoretické i praktické skúsenosti. Tri základné oblasti: úloha štátu, zamestnávateľov a podnikateľov. Sociálna sieť, jej štruktúra, charakteristika nezamestnaných podľa skúseností zo západných štátov. Aktívna...

Descrizione completa

Salvato in:
Dettagli Bibliografici
Autore principale: Lázár, Gy
Natura: Capitolo di libro
Lingua:ungherese
Soggetti:
Tags: Aggiungi Tag
Nessun Tag, puoi essere il primo ad aggiungerne!!

MARC

LEADER 00000naa a2200000 4500
001 r005298
005 20221125113931.1
041 0 |a hun 
044 |a HU 
245 1 0 |a Munkaerö-piaci politika - nemzetközi összehasonlításban.  |c Gy. Lázár 
520 |a Nevyhnutnosť využívať medzinárodné skúsenosti v oblasti trhu práce pre maďarskú ekonomiku. Teoretické i praktické skúsenosti. Tri základné oblasti: úloha štátu, zamestnávateľov a podnikateľov. Sociálna sieť, jej štruktúra, charakteristika nezamestnaných podľa skúseností zo západných štátov. Aktívna a pasívna politika štátu pri zabezpečovaní zamestnanosti. 
610 2 0 |a trh práce 
610 2 0 |a zabezpečenie sociálne 
610 2 0 |a zamestnanosť 
610 2 0 |a svet 
610 2 0 |a úrady práce 
610 2 0 |a štát 
610 2 0 |a údaje štatistické 
610 2 0 |a 1988 
100 1 |a Lázár, Gy.